Viage a Mejico (Record no. 2635)

MARC details
000 -CABECERA
campo de control de longitud fija 00523nam a2200193 a 4500
001 - NÚMERO DE CONTROL
campo de control BRCA_2896
005 - FECHA Y HORA DE LA ÚLTIMA TRANSACCIÓN
campo de control 20190320204023.0
008 - DATOS DE LONGITUD FIJA--INFORMACIÓN GENERAL
campo de control de longitud fija 111208s1844----mx-a---###---#000-0#spa-u
050 #4 - SIGNATURA TOPOGRÁFICA DE LA BIBLIOTECA DEL CONGRESO
Número de clasificación F1211.F6
Número de documento/Ítem .F67 1844
100 1# - ENTRADA PRINCIPAL--NOMBRE DE PERSONA
Nombre de persona Fossey, Mathieu de
9 (RLIN) 8064
245 10 - MENCIÓN DE TÍTULO
Título Viage a Mejico
Mención de responsabilidad, etc. por Mathieu de Fossey.
260 ## - PUBLICACIÓN, DISTRIBUCIÓN, ETC.
Lugar de publicación, distribución, etc. Mejico
Nombre del editor, distribuidor, etc. I. Cumplido
Fecha de publicación, distribución, etc. 1844
300 ## - DESCRIPCIÓN FÍSICA
Extensión 363 p.
Otras características físicas il.
Dimensiones 20 cm.
500 ## - NOTA GENERAL
Nota general B31
650 14 - PUNTO DE ACCESO ADICIONAL DE MATERIA--TÉRMINO DE MATERIA
Término de materia o nombre geográfico como elemento de entrada Viajeros franceses
9 (RLIN) 7982
651 #4 - PUNTO DE ACCESO ADICIONAL DE MATERIA--NOMBRE GEOGRÁFICO
Nombre geográfico México
Subdivisión general Descripción y viajes
9 (RLIN) 103
902 ## - CATALOGADOR
Iniciales GFM
942 ## - ELEMENTOS DE PUNTO DE ACCESO ADICIONAL (KOHA)
Fuente del sistema de clasificación o colocación Library of Congress Classification
Tipo de ítem Koha Libros
Holdings
Estado de retiro Estado de pérdida Estado dañado No para préstamo Localización permanente Ubicación/localización actual Fecha de adquisición Número de inventario Total de préstamos Signatura topográfica completa Código de barras Fecha visto por última vez Precio válido a partir de Tipo de ítem Koha
El ejemplar forma parte de la colección y puede ser consultado según las políticas vigentes.       Biblioteca del Museo Franz Mayer (Rogerio Casas-Alatriste) Biblioteca del Museo Franz Mayer (Rogerio Casas-Alatriste) 11/12/2008 B31   F1211.F6 .F67 1844 (B31) 2893 22/03/2019 22/03/2019 Libros